|
|
|
|
| LEADER |
00000nab a2200000uu 4500 |
| 001 |
vtls010877469 |
| 003 |
SK-MaSNL |
| 005 |
20260303145141.0 |
| 008 |
230222|1977 xo |||||||||||||||||slo| |
| 015 |
|
|
|a SNBRB
|
| 035 |
|
|
|a (urnnbn)urn:nbn:sk:snk:ar-005rr2
|
| 035 |
|
|
|a (uuid)1ed3d133-a67c-41c4-abd3-ac27e03c1778
|
| 035 |
|
|
|a urn:nbn:sk:snk-ab7lvo
|
| 040 |
|
|
|a SNKBUCL
|b slo
|c SNKBUCL
|e AACR2
|
| 041 |
0 |
|
|a slo
|
| 044 |
|
|
|a xo
|c SK
|
| 100 |
1 |
|
|a Kušík, Michal,
|d 1915-2000
|4 aut
|9 161028
|
| 245 |
1 |
0 |
|a ŠTÁTNY ÚSTREDNÝ ARCHÍV SLOVENSKEJ SOCIALISTICKEJ REPUBLIKY :
|b (Koncepcia ďalšieho rozvoja)
|c Michal Kušík, Adolfa Babalová, Fpantišek Kypilla
|
| 700 |
1 |
|
|a Babalová, Adolfa
|4 trl
|9 1161029
|
| 700 |
1 |
|
|a Kypilla, Fpantišek
|4 trl
|9 1161047
|
| 773 |
0 |
|
|t Slovenská archivistika
|g Roč. 12, č. 2 (1977), s. 26-43
|
| 954 |
|
|
|a odborná, vedecká literatúra pôvodná (slovenská)
|2 lita
|
| 958 |
|
|
|a OND
|
| 958 |
|
|
|a EUIPO
|
| 958 |
|
|
|a article8
|
| 999 |
|
|
|c 2000897
|d 2002827
|